Life and work of Guru Arjan : (Record no. 64761)

MARC details
000 -LEADER
fixed length control field 00492nam a22001457a 4500
005 - DATE AND TIME OF LATEST TRANSACTION
control field 20180810131855.0
020 ## - INTERNATIONAL STANDARD BOOK NUMBER
International Standard Book Number 0195679210
Terms of availability 595.00
035 ## - SYSTEM CONTROL NUMBER
System control number B-225923, B-225922, B-225925
037 ## - SOURCE OF ACQUISITION
Stock number DPL
Source of stock number/acquisition ENG
100 ## - MAIN ENTRY--PERSONAL NAME
Personal name Singh, Pashaura
245 ## - TITLE STATEMENT
Title Life and work of Guru Arjan :
Remainder of title History, memory and biography in the Sikh tradition /
Statement of responsibility, etc by Pashaura Singh
260 ## - PUBLICATION, DISTRIBUTION, ETC. (IMPRINT)
Place of publication, distribution, etc New Delhi
Name of publisher, distributor, etc Oxford University Press
Date of publication, distribution, etc 2006
300 ## - PHYSICAL DESCRIPTION
Extent xiv, 317p.
Dimensions 22 cms.
942 ## - ADDED ENTRY ELEMENTS (KOHA)
Source of classification or shelving scheme Dewey Decimal Classification
Item type English Books
Classification part 260.35
Call number suffix PAS
Holdings
Withdrawn status Lost status Not for loan Collection code Home library Current library Date acquired Cost, normal purchase price Full call number Barcode Cost, replacement price Koha item type Source of acquisition
      Non-fiction Patel Nagar Patel Nagar 29/07/2018 595.00 260.35 PAS B-225922 595.00 English Books BPPD/Pub
      Non-fiction Sarojini Nagar Sarojini Nagar 07/04/2012 595.00 260.35 PAS B-225923 595.00 English Books  
      Non-fiction Shahdara Branch Shahdara Branch 10/08/2018 595.00 260.35 PAS B-225925 595.00 English Books BPPD/PUB

© Delhi Public Library
Hit Counter
free hit counter